| 000 | 00842nam a22002417a 4500 | ||
|---|---|---|---|
| 999 |
_c6691 _d6691 |
||
| 003 | AR-CdUCM | ||
| 008 | 190319b ||||| |||| 00| 0 spa d | ||
| 040 |
_aMUNICIPALIDAD PROVINCIAL DEL CUSCO _cBIBLIOTECA MUNICIPAL DEL CUSCO |
||
| 082 |
_22ed. _a082 / _bV18 |
||
| 100 |
_a Valcárcel , Luis Eduardo _9980 |
||
| 245 | _aTempestad en los andes / | ||
| 260 |
_aLima : _bUniverso, _c1975. |
||
| 300 |
_a182 páginas ; _c17 cm. |
||
| 440 |
_aColección autores peruanos _n : 34 _918822 |
||
| 500 | _aPrólogo de José Carlos Mariátegui. Colofón de Luis Alberto Sánchez. | ||
| 650 |
_aEnsayos peruanos _9233 |
||
| 650 |
_aSiglo XX _98 |
||
| 650 |
_aCondiciones sociales - Indígenas - Perú _918823 |
||
| 650 |
_aCondiciones económicas - Indígenas _918824 |
||
| 650 |
_aRealidad peruana _92930 |
||
| 942 |
_2ddc _cLIBROS |
||
| 945 | _alccs | ||